vufinder Bibliothèque Municipale de Charleval de Provence
Se connecter

Ce Genre de petites choses

Book Cover
Auteur principal: Claire Keegan
D'autres auteurs: Jacqueline Odin
Support: Livres
Langue: Francais
Genre: Roman (gros caractères)
Sujets:
Étiquettes: Ajouter
Pas de Tags !

LEADER 01030nam0a2200193 450
001 16847602
010 |a 978-2-36360-650-1  |b br.  |d 19 € 
100 |a 20210505d2021 u u0frey01 ba 
101 1 |a fre  |c eng 
102 |a FR 
200 0 |a Ce Genre de petites choses  |f Claire Keegan  |g traduit de l'anglais (Irlande) par Jacqueline Odin 
207 1 |a   
215 |a 1 vol. (216 p.)  |d 22 x 15 cm 
330 |a Dans une petite ville de l'Irlande rurale, Bill Furlong, marchand de bois et de charbon, dépose sa livraison au couvent où les soeurs du Bon Pasteur exploitent, sous couvert de les éduquer, des filles de mauvaise vie. Il retrouve l'une de ces dernières au fond de la réserve à charbon, transie. Il ne croit pas la mère supérieure qui lui affirme que ce n'est qu'un jeu. 
700 0 |a Keegan  |b Claire  |f 1968-....  |4 70 
702 0 |a Odin  |b Jacqueline  |4 730 
900 |a Roman (gros caractères) 
901 |a Accessible au prêt 
995 |a Bibliothèque  |c Bibliothèque  |f 00156009936774  |h 00156009936774  |k R KEE  |o p  |q a  |r az  |e Bibliothèque 

Options de recherche

Historique de recherche
Recherche avancée

Trouver plus

Nouveautés

Besoin d'aide ?

Contacter un bibliothécaire